| 000 | 00398nam a2200157Ia 4500 | ||
|---|---|---|---|
| 008 | 230312s9999||||xx |||||||||||||| ||und|| | ||
| 020 | _a0-324-037702-3 | ||
| 082 |
_a330 _bMCE-E |
||
| 100 | _aMceachern, William A | ||
| 245 | 0 | _aEconomics | |
| 260 |
_bSouth Western College _aLondon _c1999 |
||
| 300 | _a816 | ||
| 546 | _aEng. | ||
| 650 |
_aEconomics _vthe art of science of economics |
||
| 942 | _cBK | ||
| 999 |
_c2542 _d2542 |
||